| 000 | 00812nam a2200193 4500 | ||
|---|---|---|---|
| 001 | 131417 | ||
| 003 | ES-MaACL | ||
| 005 | 20230906193957.0 | ||
| 007 | t| | ||
| 008 | 070214s1948 sp r ||||1| spa d | ||
| 100 | 1 |
_aRoca y Sanz de Andino, José María Carlos. _998017 |
|
| 245 | 1 | 0 |
_aOficiales liquidadores de arbitrios y tasas sobre especies de consumo del Ayuntamiento de Madrid _b: respuesta a los 11 temas de Elementos de Derecho público, 23 de Hacienda municipal y ordenanzas de exacciones y 7 de Contabilidad / _cpor D. José María Carlos Roca y Sanz de Andino. |
| 260 |
_aMadrid : _bInstituto Editorial Reus, _c1948. |
||
| 300 |
_a324 p. ; _c22 cm. |
||
| 490 | 1 | _aContestaciones Reus | |
| 830 | 0 |
_aContestaciones Reus _9181923 |
|
| 852 |
_aES-MaACL _jC-5413 _bR.25725 |
||
| 999 |
_c131417 _d131417 |
||